Na dosah ruky
| Main Author: | |
|---|---|
| Format: | Book |
| Language: | Undetermined |
| Published: |
Praha
Supraphon
1988
|
MARC
| LEADER | 00000nam a2200000 a 4500 | ||
|---|---|---|---|
| 001 | vtls001319894 | ||
| 003 | SK-MaSNL | ||
| 005 | 20260301005355.0 | ||
| 008 | 240318s1988 xx 0 und | ||
| 035 | |a SNK000272514 | ||
| 040 | |a SNK |b slo |c SNK |e AACR2 | ||
| 100 | 1 | |a Tesař, M. |4 aut |9 289593 | |
| 245 | 1 | 0 | |a Na dosah ruky |
| 260 | |a Praha |b Supraphon |c 1988 | ||
| 958 | |a OND | ||
| 999 | |c 545009 |d 546939 | ||
| 952 | |t P60, <04>, [BOOK], {604} |a SNK |b SNK |y VYP |7 0 |p 17A0121397 |o snkHIB 13483 D1 |0 0 |1 0 |4 0 |d 1998-02-06 |l 0 |r 2005-01-02 00:00:00 |w 2026-02-23 | ||


